00509nam a22001817a 450000500170000001000150001702000260003203500140005803700130007208200110008510000170009624500540011325000060016726000450017327000590021830000230027770000270030020240927151518.0 aENG-141822 c795.00a9788186772812 aEN-125354 bDBAD/PUB a155.67 aSINGH VINITA aFIGHTING OLD AGE:bby nutrition/cBy Vinita Singh a1 aNew DelhibNew Academic Publishersc2015 bNew Delhia4760-61,23, Ansari Road Daryaganj e110002 a117vpp.c22cm(pbk) aKunwar neelmaeauthour